000 01030nam0a22002771 4500
001 rc\2727234
005 20250806203905.0
035 _a(NLR Aleph) 006854679
090 _a8523
_c8523
100 _a20110915d1943 u y0rusy50 ca
101 1 _arus
_ceng
102 _aRU
105 _ay z |||a|
200 1 _aЗатемнение в Грэтли
_eПовесть о военном времени и для военного времени
_fПер. с англ. М. Е. Абкиной
210 _aМосква
_cГослитиздат
_d1943
215 _a264 с.
_d17 см.
300 _aНа обороте тит. л.: J. B. Priestley. Black-out in Gretley. 1942
700 1 _aПристли
_bД.Б.
_f1894-
_gДжон Бойнтон
702 1 _aАбкина
_bМ.Е.
_gМария Ефимовна
_4730
801 0 _aRU
_bNLR
_gpsbo
801 1 _aRU
_bELAR
_2rusmarc
852 _aNLR
_jЛ60 Г-1/23
942 _cBOOK
945 _aРоссийская национальная библиотека
980 _aNB
980 _aBV